| 000 | 00422nam a2200157Ia 4500 | ||
|---|---|---|---|
| 008 | 231217s9999 xx 000 0 und d | ||
| 041 | _aEnglish | ||
| 082 | _a620.076 SCA;2 R1 | ||
| 100 | _aScalise, J D David | ||
| 245 | 0 | _aGMAT advantage : with professor Dave | |
| 260 |
_c2003 _bNew Age International _aNew Delhi |
||
| 300 | _a494 | ||
| 300 | _cCD2255 | ||
| 650 | _aGMAT,advantage,:,professor,Dave | ||
| 942 | _cAA | ||
| 999 |
_c175964 _d175964 |
||